Statistiques concernant Pokemon 2ème génération : les 2 premières lettres

Cliquez ici pour prendre le quiz!

Statistiques générales

  • Ce quiz a été pris 378 fois
  • Le résultat moyen est 83 sur 100

Statistiques - réponses

NuméroPokemon% Correct
003Méganium
99%
022Mélo
99%
045Mentali
99%
002Macronium
98%
089Magby
98%
077Malosse
98%
044Maraiste
98%
069Marcacrin
98%
032Marill
98%
001Germignon
97%
007Kaiminus
97%
086Kapoera
97%
013Noarfang
97%
046Noctali
97%
018Nostenfer
97%
009Aligatueur
95%
085Debugant
95%
075Démanta
95%
078Démolosse
95%
041Héliatronc
95%
004Héricendre
95%
099Ho-Oh
95%
012Hoothoot
95%
033Azumarill
93%
008Crocrodil
93%
049Feuforêve
93%
005Feurisson
93%
098Lugia
93%
100Celebi
92%
083Cerfrousse
92%
070Cochignon
92%
071Corayon
92%
047Cornèbre
92%
038Cotovol
92%
014Coxy
92%
015Coxyclaque
92%
092Raikou
92%
024Togepi
92%
025Togetic
92%
023Toudoudou
92%
040Tournegrin
92%
006Typhlosion
92%
097Tyranocif
92%
094Suicune
90%
093Entei
89%
054Foretress
89%
011Fouinar
89%
010Fouinette
89%
088Elekid
88%
095Embrylex
88%
029Lainergie
88%
020Lanturn
88%
028Wattouat
88%
081Donphan
87%
080Phanpy
86%
030Pharamp
86%
053Pomdepik
86%
082Porygon2
86%
043Axoloto
84%
059Granbull
84%
036Granivol
84%
096Ymphect
84%
037Floravol
83%
019Loupio
83%
067Limagma
82%
087Lippouti
82%
017Migalos
78%
016Mimigal
78%
021Pichu
78%
068Volcaropod
78%
061Cizayox
76%
074Cadoizo
73%
039Capumain
73%
062Caratroc
73%
048Roigada
73%
026Natu
72%
058Snubbull
71%
072Rémoraid
70%
027Xatu
68%
052Girafarig
67%
035Tarpaud
67%
064Farfuret
65%
084Queulorior
65%
051Qulbutoké
65%
034Simularbre
65%
090Ecrémeuh
64%
091Leuphorie
64%
057Steelix
64%
050Zarbi
64%
065Teddiursa
63%
066Ursaring
61%
031Joliflor
60%
079Hyporoi
59%
073Octillery
59%
076Airmure
56%
063Scarhino
54%
056Scorplane
54%
060Qwilfish
48%
042Yanma
47%
055Insolourdo
44%

Distribution des résultats

Percentile par nombre de réponses

% des personnes avec chaque résultat

Votre développement - résultats

Vous n’avez pas pris ce quiz